[Event "World Youth & Cadets Blitz Championships"]
[Site "Rhodes, Greece"]
[Date "2022.05.03"]
[Round "5.2"]
[White "Nogerbek, Kazybek"]
[Black "Koziorowicz, Michal"]
[Result "1-0"]
[TimeControl "5'/game & 2\"/move"]
[WhiteElo "2441"]
[BlackElo "2219"]

1. e4 {[%clk 00:05:03]} c5 {[%clk 00:05:04]} {[%emt 00:00:01]} 2. Nc3 {[%clk
00:05:04]} Nc6 {[%clk 00:05:03]} {[%emt 00:00:03]} 3. Nge2 {[%clk 00:05:04]}
{[%emt 00:00:02]} g6 {[%clk 00:05:03]} {[%emt 00:00:02]} 4. g3 {[%clk
00:05:04]} {[%emt 00:00:01]} Bg7 {[%clk 00:05:04]} 5. Bg2 {[%clk 00:05:05]}
{[%emt 00:00:01]} e6 {[%clk 00:05:02]} {[%emt 00:00:05]} 6. O-O {[%clk
00:05:05]} {[%emt 00:00:02]} Nge7 {[%clk 00:05:03]} {[%emt 00:00:01]} 7. d3
{[%clk 00:04:59]} {[%emt 00:00:08]} d5 {[%clk 00:05:02]} {[%emt 00:00:03]} 8.
exd5 {[%clk 00:04:55]} {[%emt 00:00:06]} exd5 {[%clk 00:05:03]} 9. Bg5 {[%clk
00:04:52]} {[%emt 00:00:05]} Be6 {[%clk 00:04:53]} {[%emt 00:00:12]} 10. Nf4
{[%clk 00:04:49]} {[%emt 00:00:04]} Qd7 {[%clk 00:04:29]} {[%emt 00:00:26]} 11.
Re1 {[%clk 00:04:46]} {[%emt 00:00:05]} O-O {[%clk 00:04:15]} {[%emt 00:00:17]}
12. Bxe7 {[%clk 00:03:23]} {[%emt 00:01:26]} Nxe7 {[%clk 00:04:10]} {[%emt
00:00:06]} 13. Qf3 {[%clk 00:03:17]} {[%emt 00:00:08]} Rad8 {[%clk 00:03:40]}
{[%emt 00:00:31]} 14. Kh1 {[%clk 00:02:42]} {[%emt 00:00:38]} Bg4 {[%clk
00:03:34]} {[%emt 00:00:08]} 15. Qe3 {[%clk 00:02:39]} {[%emt 00:00:04]} d4
{[%clk 00:02:59]} {[%emt 00:00:39]} 16. Qxe7 {[%clk 00:02:39]} {[%emt
00:00:01]} dxc3 {[%clk 00:02:57]} {[%emt 00:00:04]} 17. b3 {[%clk 00:02:39]}
{[%emt 00:00:01]} b6 {[%clk 00:02:36]} {[%emt 00:00:25]} 18. Qxd7 {[%clk
00:02:18]} {[%emt 00:00:23]} Rxd7 {[%clk 00:02:36]} {[%emt 00:00:02]} 19. Bh3
{[%clk 00:02:14]} {[%emt 00:00:05]} Bxh3 {[%clk 00:02:23]} {[%emt 00:00:15]} 20.
Nxh3 {[%clk 00:02:15]} {[%emt 00:00:01]} Bh6 {[%clk 00:02:07]} {[%emt
00:00:19]} 21. a4 {[%clk 00:02:13]} {[%emt 00:00:03]} Bd2 {[%clk 00:02:03]}
{[%emt 00:00:06]} 22. Re2 {[%clk 00:02:14]} Rdd8 {[%clk 00:01:51]} {[%emt
00:00:14]} 23. Kg2 {[%clk 00:02:05]} {[%emt 00:00:11]} Rfe8 {[%clk 00:01:52]}
{[%emt 00:00:02]} 24. Rxe8+ {[%clk 00:02:04]} {[%emt 00:00:03]} Rxe8 {[%clk
00:01:53]} 25. Kf1 {[%clk 00:02:02]} {[%emt 00:00:03]} f5 {[%clk 00:01:48]}
{[%emt 00:00:07]} 26. Ng1 {[%clk 00:02:03]} Kf7 {[%clk 00:01:43]} {[%emt
00:00:07]} 27. Nf3 {[%clk 00:02:04]} {[%emt 00:00:01]} Bh6 {[%clk 00:01:43]}
{[%emt 00:00:02]} 28. h4 {[%clk 00:01:59]} {[%emt 00:00:07]} Kf6 {[%clk
00:01:29]} {[%emt 00:00:16]} 29. a5 {[%clk 00:01:56]} {[%emt 00:00:05]} b5
{[%clk 00:01:28]} {[%emt 00:00:03]} 30. a6 {[%clk 00:01:57]} Re6 {[%clk
00:01:28]} {[%emt 00:00:02]} 31. Ra5 {[%clk 00:01:57]} {[%emt 00:00:02]} Rb6
{[%clk 00:01:28]} {[%emt 00:00:02]} 32. Ke2 {[%clk 00:01:50]} {[%emt 00:00:09]}
Ke6 {[%clk 00:01:20]} {[%emt 00:00:10]} 33. d4 {[%clk 00:01:39]} {[%emt
00:00:14]} Kd5 {[%clk 00:01:04]} {[%emt 00:00:17]} 34. Kd3 {[%clk 00:01:39]}
Bg7 {[%clk 00:01:00]} {[%emt 00:00:06]} 35. Kxc3 {[%clk 00:01:02]} {[%emt
00:00:40]} cxd4+ {[%clk 00:01:01]} 36. Kd3 {[%clk 00:01:01]} {[%emt 00:00:02]}
Kc5 {[%clk 00:01:01]} {[%emt 00:00:03]} 37. Ra1 {[%clk 00:00:46]} {[%emt
00:00:17]} Bf6 {[%clk 00:00:37]} {[%emt 00:00:26]} 38. Kd2 {[%clk 00:00:41]}
{[%emt 00:00:07]} Rc6 {[%clk 00:00:26]} {[%emt 00:00:14]} 39. Ne1 {[%clk
00:00:39]} {[%emt 00:00:04]} Kb6 {[%clk 00:00:23]} {[%emt 00:00:04]} 40. Nd3
{[%clk 00:00:39]} {[%emt 00:00:02]} h6 {[%clk 00:00:19]} {[%emt 00:00:06]} 41.
Re1 {[%clk 00:00:39]} {[%emt 00:00:02]} g5 {[%clk 00:00:16]} {[%emt 00:00:05]}
42. hxg5 {[%clk 00:00:39]} {[%emt 00:00:02]} hxg5 {[%clk 00:00:17]} {[%emt
00:00:01]} 43. Re8 {[%clk 00:00:36]} {[%emt 00:00:04]} Rd6 {[%clk 00:00:13]}
{[%emt 00:00:08]} 44. Rb8+ {[%clk 00:00:28]} {[%emt 00:00:10]} Kxa6 {[%clk
00:00:08]} {[%emt 00:00:07]} 45. Nc5+ {[%clk 00:00:29]} Ka5 {[%clk 00:00:08]}
{[%emt 00:00:03]} 46. Nb7+ {[%clk 00:00:30]} Kb6 {[%clk 00:00:09]} 47. Nxd6+
{[%clk 00:00:31]} Kc7 {[%clk 00:00:11]} {[%emt 00:00:01]} 48. Rf8 {[%clk
00:00:29]} {[%emt 00:00:03]} Be7 {[%clk 00:00:12]} {[%emt 00:00:01]} 49. Nxb5+
{[%clk 00:00:30]} Kb6 {[%clk 00:00:12]} {[%emt 00:00:03]} 50. Rxf5 {[%clk
00:00:31]} {[%emt 00:00:01]} 1-0

[Event "World Youth & Cadets Blitz Championships"]
[Site "Rhodes, Greece"]
[Date "2022.05.03"]
[Round "5.3"]
[White "Trushko, Andrii"]
[Black "Tobak, Mikhail"]
[Result "1-0"]
[TimeControl "5'/game & 2\"/move"]
[WhiteElo "2222"]
[BlackElo "2068"]

1. d4 {[%clk 00:05:03]} {[%emt 00:24:43]} Nf6 {[%clk 00:05:04]} {[%emt
00:00:01]} 2. Bg5 {[%clk 00:05:04]} {[%emt 00:00:01]} e6 {[%clk 00:05:05]}
{[%emt 00:00:01]} 3. Nd2 {[%clk 00:04:59]} {[%emt 00:00:06]} c5 {[%clk
00:05:04]} {[%emt 00:00:03]} 4. c3 {[%clk 00:04:57]} {[%emt 00:00:04]} Nc6
{[%clk 00:04:58]} {[%emt 00:00:09]} 5. e3 {[%clk 00:04:51]} {[%emt 00:00:07]}
cxd4 {[%clk 00:04:50]} {[%emt 00:00:10]} 6. cxd4 {[%clk 00:04:52]} {[%emt
00:00:01]} Bb4 {[%clk 00:04:43]} {[%emt 00:00:09]} 7. Bd3 {[%clk 00:04:43]}
{[%emt 00:00:11]} h6 {[%clk 00:04:00]} {[%emt 00:00:45]} 8. Bxf6 {[%clk
00:04:44]} {[%emt 00:00:01]} Qxf6 {[%clk 00:04:00]} {[%emt 00:00:03]} 9. a3
{[%clk 00:04:46]} Ba5 {[%clk 00:03:56]} {[%emt 00:00:05]} 10. Ngf3 {[%clk
00:04:42]} {[%emt 00:00:06]} O-O {[%clk 00:03:56]} {[%emt 00:00:02]} 11. O-O
{[%clk 00:04:43]} {[%emt 00:00:01]} Bc7 {[%clk 00:03:57]} {[%emt 00:00:01]} 12.
Rc1 {[%clk 00:04:38]} {[%emt 00:00:07]} b6 {[%clk 00:03:53]} {[%emt 00:00:07]}
13. b4 {[%clk 00:04:34]} {[%emt 00:00:05]} Qd8 {[%clk 00:03:46]} {[%emt
00:00:08]} 14. Qc2 {[%clk 00:04:13]} {[%emt 00:00:24]} Bd6 {[%clk 00:03:31]}
{[%emt 00:00:17]} 15. Nc4 {[%clk 00:03:43]} {[%emt 00:00:32]} Be7 {[%clk
00:03:26]} {[%emt 00:00:06]} 16. Nce5 {[%clk 00:03:44]} {[%emt 00:00:02]} Bb7
{[%clk 00:03:15]} {[%emt 00:00:13]} 17. Bh7+ {[%clk 00:03:45]} {[%emt
00:00:02]} Kh8 {[%clk 00:03:16]} {[%emt 00:00:01]} 18. Be4 {[%clk 00:03:46]}
Rc8 {[%clk 00:03:08]} {[%emt 00:00:09]} 19. Nxc6 {[%clk 00:03:36]} {[%emt
00:00:12]} Bxc6 {[%clk 00:03:09]} {[%emt 00:00:01]} 20. Bxc6 {[%clk 00:03:29]}
{[%emt 00:00:09]} Rxc6 {[%clk 00:03:10]} 21. Qb2 {[%clk 00:03:29]} {[%emt
00:00:02]} Rxc1 {[%clk 00:02:07]} {[%emt 00:01:05]} 22. Rxc1 {[%clk 00:03:30]}
{[%emt 00:00:01]} Bd6 {[%clk 00:02:06]} {[%emt 00:00:03]} 23. Qe2 {[%clk
00:03:16]} {[%emt 00:00:16]} Bb8 {[%clk 00:01:43]} {[%emt 00:00:25]} 24. Qa6
{[%clk 00:03:16]} {[%emt 00:00:03]} Kh7 {[%clk 00:01:17]} {[%emt 00:00:28]} 25.
Qb7 {[%clk 00:03:11]} {[%emt 00:00:06]} a5 {[%clk 00:01:11]} {[%emt 00:00:09]}
26. b5 {[%clk 00:03:05]} {[%emt 00:00:08]} Bd6 {[%clk 00:01:12]} {[%emt
00:00:01]} 27. a4 {[%clk 00:03:03]} {[%emt 00:00:04]} f6 {[%clk 00:00:52]}
{[%emt 00:00:21]} 28. h3 {[%clk 00:02:53]} {[%emt 00:00:13]} g5 {[%clk
00:00:39]} {[%emt 00:00:15]} 29. Nd2 {[%clk 00:02:50]} {[%emt 00:00:04]} Bb8
{[%clk 00:00:21]} {[%emt 00:00:20]} 30. Rc2 {[%clk 00:02:42]} {[%emt 00:00:10]}
f5 {[%clk 00:00:09]} {[%emt 00:00:15]} 31. d5 {[%clk 00:02:39]} {[%emt
00:00:04]} e5 {[%clk 00:00:05]} {[%emt 00:00:06]} 32. Nc4 {[%clk 00:02:38]}
{[%emt 00:00:03]} f4 {[%clk 00:00:06]} {[%emt 00:00:02]} 33. Nxb6 {[%clk
00:02:29]} {[%emt 00:00:11]} fxe3 {[%clk 00:00:06]} {[%emt 00:00:02]} 34. Qxd7+
{[%clk 00:02:24]} {[%emt 00:00:07]} Qxd7 {[%clk 00:00:06]} {[%emt 00:00:02]} 35.
Nxd7 {[%clk 00:02:25]} exf2+ {[%clk 00:00:06]} {[%emt 00:00:02]} 36. Rxf2
{[%clk 00:02:26]} {[%emt 00:00:01]} Rd8 {[%clk 00:00:04]} {[%emt 00:00:04]} 37.
Rf7+ {[%clk 00:02:20]} {[%emt 00:00:08]} Kg6 {[%clk 00:00:05]} 38. Re7 {[%clk
00:02:21]} {[%emt 00:00:01]} Kf5 {[%clk 00:00:03]} {[%emt 00:00:04]} 39. Nxb8
{[%clk 00:02:06]} {[%emt 00:00:16]} Rxb8 {[%clk 00:00:04]} {[%emt 00:00:01]} 40.
d6 {[%clk 00:02:08]} e4 {[%clk 00:00:04]} {[%emt 00:00:02]} 41. d7 {[%clk
00:02:08]} Rd8 {[%clk 00:00:05]} 42. Kf2 {[%clk 00:02:06]} {[%emt 00:00:04]}
Kf6 {[%clk 00:00:07]} 43. Rxe4 {[%clk 00:01:59]} {[%emt 00:00:08]} Rxd7 {[%clk
00:00:08]} {[%emt 00:00:01]} 44. Rc4 {[%clk 00:02:00]} Rd2+ {[%clk 00:00:08]}
{[%emt 00:00:02]} 45. Kg3 {[%clk 00:02:00]} {[%emt 00:00:02]} Rd3+ {[%clk
00:00:09]} 46. Kg4 {[%clk 00:01:57]} {[%emt 00:00:05]} Kg6 {[%clk 00:00:09]}
{[%emt 00:00:02]} 47. Rc6+ {[%clk 00:01:59]} Kg7 {[%clk 00:00:10]} 48. Kh5
{[%clk 00:01:51]} {[%emt 00:00:09]} Rd4 {[%clk 00:00:12]} {[%emt 00:00:01]} 49.
Rg6+ {[%clk 00:01:53]} Kf7 {[%clk 00:00:12]} {[%emt 00:00:02]} 50. Rxh6 {[%clk
00:01:50]} {[%emt 00:00:05]} Rxa4 {[%clk 00:00:10]} {[%emt 00:00:04]} 51. Ra6
{[%clk 00:01:48]} {[%emt 00:00:03]} Ra2 {[%clk 00:00:10]} {[%emt 00:00:02]} 52.
g4 {[%clk 00:01:49]} {[%emt 00:00:01]} a4 {[%clk 00:00:06]} {[%emt 00:00:06]}
53. Kxg5 {[%clk 00:01:46]} {[%emt 00:00:05]} a3 {[%clk 00:00:05]} {[%emt
00:00:04]} 54. b6 {[%clk 00:01:47]} Rb2 {[%clk 00:00:03]} {[%emt 00:00:03]} 55.
Rxa3 {[%clk 00:01:48]} {[%emt 00:00:01]} Rxb6 {[%clk 00:00:04]} 56. Rf3+ {[%clk
00:01:49]} {[%emt 00:00:01]} Kg7 {[%clk 00:00:06]} {[%emt 00:00:01]} 57. Rf5
{[%clk 00:01:49]} {[%emt 00:00:02]} Rg6+ {[%clk 00:00:05]} {[%emt 00:00:02]} 58.
Kf4 {[%clk 00:01:51]} {[%emt 00:00:01]} Ra6 {[%clk 00:00:06]} 59. h4 {[%clk
00:01:52]} Ra4+ {[%clk 00:00:07]} 60. Kg5 {[%clk 00:01:53]} {[%emt 00:00:01]}
Ra6 {[%clk 00:00:05]} {[%emt 00:00:05]} 61. h5 {[%clk 00:01:54]} Rb6 {[%clk
00:00:05]} {[%emt 00:00:02]} 62. Rc5 {[%clk 00:01:55]} Kg8 {[%clk 00:00:05]}
{[%emt 00:00:02]} 63. Rc7 {[%clk 00:01:55]} {[%emt 00:00:02]} Ra6 {[%clk
00:00:06]} 64. Kf5 {[%clk 00:01:52]} {[%emt 00:00:05]} Ra5+ {[%clk 00:00:08]}
65. Kf4 {[%clk 00:01:52]} {[%emt 00:00:01]} Ra4+ {[%clk 00:00:09]} {[%emt
00:00:02]} 66. Kg3 {[%clk 00:01:53]} Ra1 {[%clk 00:00:07]} {[%emt 00:00:04]} 67.
g5 {[%clk 00:01:50]} {[%emt 00:00:05]} Rg1+ {[%clk 00:00:06]} {[%emt 00:00:03]}
68. Kf4 {[%clk 00:01:51]} {[%emt 00:00:01]} Rf1+ {[%clk 00:00:07]} {[%emt
00:00:01]} 69. Kg4 {[%clk 00:01:52]} {[%emt 00:00:01]} Rh1 {[%clk 00:00:04]}
{[%emt 00:00:05]} 70. Kf5 {[%clk 00:01:48]} {[%emt 00:00:06]} Kf8 {[%clk
00:00:04]} {[%emt 00:00:03]} 71. Kg6 {[%clk 00:01:48]} {[%emt 00:00:02]} Ra1
{[%clk 00:00:03]} {[%emt 00:00:03]} 72. Rc8+ {[%clk 00:01:49]} Ke7 {[%clk
00:00:05]} 73. h6 {[%clk 00:01:47]} {[%emt 00:00:04]} Ra6+ {[%clk 00:00:05]}
{[%emt 00:00:02]} 74. Kg7 {[%clk 00:01:48]} {[%emt 00:00:01]} Ke6 {[%clk
00:00:06]} 75. Rf8 {[%clk 00:01:48]} {[%emt 00:00:02]} Ra7+ {[%clk 00:00:08]}
{[%emt 00:00:01]} 76. Kg6 {[%clk 00:01:49]} Ra6 {[%clk 00:00:07]} {[%emt
00:00:03]} 77. Rf6+ {[%clk 00:01:50]} Kd5 {[%emt 00:00:07]} 1-0

[Event "World Youth & Cadets Blitz Championships"]
[Site "Rhodes, Greece"]
[Date "2022.05.03"]
[Round "5.4"]
[White "Petrovskyi, Vadym"]
[Black "Pidluznij, Gleb"]
[Result "1-0"]
[TimeControl "5'/game & 2\"/move"]
[WhiteElo "2400"]
[BlackElo "2044"]

1. e4 {[%clk 00:05:03]} c5 {[%clk 00:05:03]} {[%emt 00:00:02]} 2. Nf3 {[%clk
00:05:04]} {[%emt 00:00:01]} Nc6 {[%clk 00:05:04]} 3. d4 {[%clk 00:05:05]}
{[%emt 00:00:01]} cxd4 {[%clk 00:05:05]} {[%emt 00:00:01]} 4. Nxd4 {[%clk
00:05:05]} {[%emt 00:00:01]} Nf6 {[%clk 00:05:06]} 5. Nc3 {[%clk 00:05:06]}
{[%emt 00:00:02]} d6 {[%clk 00:05:06]} 6. Bg5 {[%clk 00:05:07]} {[%emt
00:00:01]} e6 {[%clk 00:05:07]} 7. Qd2 {[%clk 00:05:08]} a6 {[%clk 00:05:08]} 8.
O-O-O {[%clk 00:05:04]} {[%emt 00:00:06]} h6 {[%clk 00:05:09]} 9. Bxf6 {[%clk
00:04:27]} {[%emt 00:00:39]} Qxf6 {[%clk 00:05:02]} {[%emt 00:00:10]} 10. Nxc6
{[%clk 00:04:22]} {[%emt 00:00:07]} bxc6 {[%clk 00:05:01]} {[%emt 00:00:02]} 11.
f4 {[%clk 00:04:21]} {[%emt 00:00:02]} Be7 {[%clk 00:04:19]} {[%emt 00:00:45]}
12. Bd3 {[%clk 00:04:14]} {[%emt 00:00:09]} e5 {[%clk 00:04:16]} {[%emt
00:00:05]} 13. g3 {[%clk 00:04:06]} {[%emt 00:00:09]} O-O {[%clk 00:04:13]}
{[%emt 00:00:06]} 14. Rdf1 {[%clk 00:03:52]} {[%emt 00:00:15]} Bb7 {[%clk
00:03:46]} {[%emt 00:00:30]} 15. Kb1 {[%clk 00:03:45]} {[%emt 00:00:10]} Rfd8
{[%clk 00:03:29]} {[%emt 00:00:19]} 16. Qe2 {[%clk 00:03:42]} {[%emt 00:00:05]}
a5 {[%clk 00:02:55]} {[%emt 00:00:36]} 17. Bc4 {[%clk 00:03:16]} {[%emt
00:00:27]} Rf8 {[%clk 00:02:55]} {[%emt 00:00:02]} 18. fxe5 {[%clk 00:03:06]}
{[%emt 00:00:12]} Qxe5 {[%clk 00:02:54]} {[%emt 00:00:02]} 19. Rf5 {[%clk
00:03:03]} {[%emt 00:00:06]} Qd4 {[%clk 00:02:55]} {[%emt 00:00:01]} 20. Rd1
{[%clk 00:02:52]} {[%emt 00:00:14]} Qb6 {[%clk 00:02:42]} {[%emt 00:00:15]} 21.
Rdf1 {[%clk 00:02:52]} {[%emt 00:00:01]} Bf6 {[%clk 00:02:31]} {[%emt
00:00:13]} 22. Rxf6 {[%clk 00:02:20]} {[%emt 00:00:34]} gxf6 {[%clk 00:02:31]}
{[%emt 00:00:02]} 23. Qg4+ {[%clk 00:02:20]} {[%emt 00:00:02]} Kh8 {[%clk
00:02:14]} {[%emt 00:00:18]} 24. Qf4 {[%clk 00:02:21]} {[%emt 00:00:03]} Qc5
{[%clk 00:01:01]} {[%emt 00:01:15]} 25. Qxh6+ {[%clk 00:02:16]} {[%emt
00:00:07]} Kg8 {[%clk 00:01:02]} 26. Qg6+ {[%clk 00:02:13]} {[%emt 00:00:05]}
Kh8 {[%clk 00:01:03]} {[%emt 00:00:01]} 27. Qxf6+ {[%clk 00:02:14]} Kg8 {[%clk
00:00:59]} {[%emt 00:00:05]} 28. Rf5 {[%clk 00:01:43]} {[%emt 00:00:33]} Qg1+
{[%clk 00:00:30]} {[%emt 00:00:31]} 29. Bf1 {[%clk 00:01:43]} {[%emt 00:00:02]}
Qe3 {[%clk 00:00:22]} {[%emt 00:00:10]} 30. Rg5+ {[%clk 00:01:40]} {[%emt
00:00:05]} Kh7 {[%clk 00:00:22]} {[%emt 00:00:02]} 31. Qg7# {[%clk 00:01:41]}
{[%emt 00:00:01]} 1-0

[Event "World Youth & Cadets Blitz Championships"]
[Site "Rhodes, Greece"]
[Date "2022.05.03"]
[Round "5.5"]
[White "Skrbec, Leon"]
[Black "Nareks, Matic"]
[Result "0-1"]
[TimeControl "5'/game & 2\"/move"]
[WhiteElo "1851"]
[BlackElo "2147"]

1. e4 {[%clk 00:05:00]} {[%emt 00:00:03]} d5 {[%clk 00:05:03]} {[%emt
00:00:01]} 2. exd5 {[%clk 00:04:58]} {[%emt 00:00:04]} Qxd5 {[%clk 00:05:04]}
{[%emt 00:00:02]} 3. Nc3 {[%clk 00:04:59]} Qa5 {[%clk 00:05:05]} {[%emt
00:00:01]} 4. d4 {[%clk 00:04:55]} {[%emt 00:00:05]} Nf6 {[%clk 00:05:06]}
{[%emt 00:00:01]} 5. Be2 {[%clk 00:04:49]} {[%emt 00:00:08]} Bf5 {[%clk
00:05:03]} {[%emt 00:00:05]} 6. Nf3 {[%clk 00:04:48]} {[%emt 00:00:04]} e6
{[%clk 00:05:03]} {[%emt 00:00:02]} 7. O-O {[%clk 00:04:44]} {[%emt 00:00:05]}
c6 {[%clk 00:05:00]} {[%emt 00:00:06]} 8. Bf4 {[%clk 00:04:41]} {[%emt
00:00:05]} Be7 {[%clk 00:04:56]} {[%emt 00:00:06]} 9. Bd3 {[%clk 00:04:26]}
{[%emt 00:00:17]} O-O {[%clk 00:04:48]} {[%emt 00:00:10]} 10. Ne2 {[%clk
00:04:15]} {[%emt 00:00:13]} Bxd3 {[%clk 00:04:33]} {[%emt 00:00:17]} 11. Qxd3
{[%clk 00:04:15]} {[%emt 00:00:01]} Qb6 {[%clk 00:04:34]} {[%emt 00:00:02]} 12.
Qb3 {[%clk 00:04:06]} {[%emt 00:00:10]} Nbd7 {[%clk 00:04:32]} {[%emt
00:00:04]} 13. c3 {[%clk 00:04:03]} {[%emt 00:00:06]} h6 {[%clk 00:04:27]}
{[%emt 00:00:07]} 14. Ng3 {[%clk 00:03:58]} {[%emt 00:00:07]} Nd5 {[%clk
00:04:25]} {[%emt 00:00:04]} 15. Bd2 {[%clk 00:03:56]} {[%emt 00:00:04]} Rfd8
{[%clk 00:04:22]} {[%emt 00:00:05]} 16. Qc2 {[%clk 00:03:55]} {[%emt 00:00:03]}
N7f6 {[%clk 00:04:18]} {[%emt 00:00:06]} 17. Rfe1 {[%clk 00:03:49]} {[%emt
00:00:07]} Bf8 {[%clk 00:04:16]} {[%emt 00:00:04]} 18. Ne5 {[%clk 00:03:48]}
{[%emt 00:00:03]} c5 {[%clk 00:04:10]} {[%emt 00:00:09]} 19. dxc5 {[%clk
00:03:18]} {[%emt 00:00:32]} Bxc5 {[%clk 00:04:09]} {[%emt 00:00:03]} 20. Nd3
{[%clk 00:03:14]} {[%emt 00:00:05]} Bf8 {[%clk 00:04:05]} {[%emt 00:00:07]} 21.
Nf4 {[%clk 00:03:12]} {[%emt 00:00:04]} Rac8 {[%clk 00:04:00]} {[%emt
00:00:06]} 22. Nxd5 {[%clk 00:03:07]} {[%emt 00:00:07]} Nxd5 {[%clk 00:03:59]}
{[%emt 00:00:04]} 23. Be3 {[%clk 00:02:56]} {[%emt 00:00:13]} Nxe3 {[%clk
00:03:57]} {[%emt 00:00:03]} 24. Rxe3 {[%clk 00:02:57]} {[%emt 00:00:02]} Rd5
{[%clk 00:03:51]} {[%emt 00:00:09]} 25. Rae1 {[%clk 00:02:48]} {[%emt
00:00:10]} Rcd8 {[%clk 00:03:50]} {[%emt 00:00:03]} 26. R3e2 {[%clk 00:02:39]}
{[%emt 00:00:11]} Qa6 {[%clk 00:03:30]} {[%emt 00:00:22]} 27. b3 {[%clk
00:02:33]} {[%emt 00:00:08]} Qc6 {[%clk 00:03:29]} {[%emt 00:00:04]} 28. c4
{[%clk 00:02:30]} {[%emt 00:00:04]} R5d7 {[%clk 00:03:26]} {[%emt 00:00:05]} 29.
Ne4 {[%clk 00:02:07]} {[%emt 00:00:25]} a6 {[%clk 00:03:19]} {[%emt 00:00:09]}
30. c5 {[%clk 00:01:56]} {[%emt 00:00:13]} Rd4 {[%clk 00:03:11]} {[%emt
00:00:10]} 31. a3 {[%clk 00:01:53]} {[%emt 00:00:05]} b6 {[%clk 00:02:34]}
{[%emt 00:00:39]} 32. b4 {[%clk 00:01:36]} {[%emt 00:00:19]} bxc5 {[%clk
00:02:25]} {[%emt 00:00:11]} 33. bxc5 {[%clk 00:01:36]} {[%emt 00:00:02]} R8d5
{[%clk 00:02:25]} {[%emt 00:00:02]} 34. Rc1 {[%clk 00:01:15]} {[%emt 00:00:23]}
Re5 {[%clk 00:02:09]} {[%emt 00:00:18]} 35. f3 {[%clk 00:00:52]} {[%emt
00:00:25]} f5 {[%clk 00:01:54]} {[%emt 00:00:17]} 36. Nd6 {[%clk 00:00:41]}
{[%emt 00:00:13]} Rxe2 {[%clk 00:01:45]} {[%emt 00:00:11]} 37. Qxe2 {[%emt
00:00:02]} Rxd6 {[%clk 00:01:44]} {[%emt 00:00:01]} 38. Qe3 {[%clk 00:00:37]}
{[%emt 00:00:08]} Rd5 {[%clk 00:01:44]} {[%emt 00:00:03]} 39. Qb3 {[%clk
00:00:33]} {[%emt 00:00:05]} Rxc5 {[%clk 00:01:40]} {[%emt 00:00:06]} 40. Re1
{[%clk 00:00:31]} {[%emt 00:00:03]} Kf7 {[%clk 00:01:33]} {[%emt 00:00:09]} 41.
h4 {[%clk 00:00:31]} {[%emt 00:00:02]} Rc1 {[%clk 00:01:25]} {[%emt 00:00:11]}
42. Rxc1 {[%clk 00:00:24]} {[%emt 00:00:09]} Qxc1+ {[%clk 00:01:26]} {[%emt
00:00:01]} 43. Kh2 {[%clk 00:00:26]} Qf4+ {[%clk 00:01:22]} {[%emt 00:00:06]}
44. g3 {[%clk 00:00:25]} {[%emt 00:00:02]} Qd2+ {[%clk 00:01:22]} {[%emt
00:00:02]} 45. Kh3 {[%clk 00:00:26]} {[%emt 00:00:02]} Be7 {[%clk 00:01:18]}
{[%emt 00:00:06]} 46. f4 {[%clk 00:00:24]} {[%emt 00:00:03]} g5 {[%clk
00:01:18]} {[%emt 00:00:03]} 47. hxg5 {[%clk 00:00:22]} {[%emt 00:00:04]} hxg5
{[%clk 00:01:19]} {[%emt 00:00:02]} 48. fxg5 {[%clk 00:00:22]} {[%emt
00:00:01]} Qxg5 {[%clk 00:01:18]} {[%emt 00:00:03]} 49. a4 {[%clk 00:00:22]}
{[%emt 00:00:02]} a5 {[%clk 00:01:15]} {[%emt 00:00:04]} 50. Qb5 {[%clk
00:00:23]} {[%emt 00:00:01]} Qg4+ {[%clk 00:01:09]} {[%emt 00:00:08]} 51. Kg2
{[%clk 00:00:24]} {[%emt 00:00:01]} f4 {[%clk 00:01:08]} {[%emt 00:00:04]} 52.
Qxa5 {[%emt 00:00:06]} Qxg3+ {[%clk 00:01:08]} {[%emt 00:00:01]} 53. Kf1 {[%clk
00:00:22]} f3 {[%clk 00:01:07]} {[%emt 00:00:04]} 54. Qd2 {[%clk 00:00:20]}
{[%emt 00:00:03]} Qg2+ {[%clk 00:00:46]} {[%emt 00:00:24]} 55. Qxg2 {[%clk
00:00:20]} {[%emt 00:00:02]} fxg2+ {[%clk 00:00:47]} 56. Kxg2 {[%clk 00:00:21]}
{[%emt 00:00:02]} Bb4 {[%clk 00:00:47]} {[%emt 00:00:02]} 57. Kf3 {[%clk
00:00:21]} Kf6 {[%clk 00:00:48]} {[%emt 00:00:02]} 58. Ke4 {[%clk 00:00:22]}
{[%emt 00:00:01]} e5 {[%clk 00:00:49]} 59. Ke3 {[%clk 00:00:23]} Kf5 {[%emt
00:00:02]} 60. Kf3 {[%clk 00:00:22]} {[%emt 00:00:02]} e4+ {[%clk 00:00:51]}
{[%emt 00:00:01]} 61. Ke3 {[%clk 00:00:23]} Ke5 {[%clk 00:00:51]} {[%emt
00:00:02]} 62. Ke2 {[%clk 00:00:24]} {[%emt 00:00:01]} Kf4 {[%clk 00:00:52]} 63.
Kf2 {[%clk 00:00:24]} {[%emt 00:00:02]} e3+ {[%clk 00:00:53]} 64. Ke2 {[%clk
00:00:25]} 0-1